Statistics for Glee Cast Anagrams

Click here to take the quiz!

General Stats

  • This quiz has been taken 309 times
  • The average score is 12 of 15

Answer Stats

HintAnswer% Correct
ale hmilceelea michele
93%
rcish rclfoechris colfer
91%
ryoc tmenhoitcory monteith
90%
yaan arvirenaya rivera
89%
naej ycnhljane lynch
88%
aerehth risromheather morris
77%
eahtmwt oismrnromatthew morrison
77%
rdanre isrcsdarren criss
76%
ramk naslglimark salling
73%
aindna organdianna agron
73%
neajn wskhuoztijenna ushkowitz
71%
inkve hlecamkevin mchale
69%
dhrco rsetorvetechord overstreet
69%
barem eliyramber riley
66%
yaajm smyajayma mays
65%

Score Distribution

Percentile by Number Answered

Percent of People with Each Score

Your Score History

You have not taken this quiz